| Registos Bibliográficos associados ao registo de autoridade |
|
Etiqueta de registo: 00000nam 2200025 450 001 2001660 003 http://id.bnportugal.gov.pt/bib/catbnp/2001660 100 ## $a20180926d2015 k y0pory01030103ba 101 0# $aspa 102 ## $aES 105 ## $aa m 000yy 106 ## $ar 200 1# $aEvaluation of the intra and interspecific variability in the genus Perkinsus$eproteomic analysis of the parasite and its interaction with host$dEvaluación de la variabilidad intra e interespecífica en el género Perkinsus$eanálisis proteómico de parásito y de su interacción con el hospedador$fSergio Fernández Boo$zspa 210 #9 $aSantiago de Compostela$c[s.n.],$d2015 215 ## $a266 p.$d30 cm 328 #1 $aTese dout. Biología, Universidad de Santiago de Compostela, 2015 510 1# $aEvaluación de la variabilidad intra e interespecífica en el género Perkinsus$e análisis proteómico de parásito y de su interacción con el hospedador 675 ## $a576.89(043)$vBN$zpor$31228192 675 ## $a577.27(043)$vBN$zpor$3591748 675 ## $a574.64(043)$vBN$zpor$31230440 675 ## $a639.44(460)(043)$vBN$zpor$31730575 700 #1 $aFernández Boo,$bSergio$31726084 801 #0 $aPT$bBN$gRPC 966 ## $lBN$mFGMON$sS.A. 170049 V.$x1
Etiqueta de registo: 00000nam 2200025 450 001 2284421 003 http://id.bnportugal.gov.pt/bib/catbnp/2284421 100 ## $a20260415d2025 k y0pory01030103ba 101 0# $aeng$dpor 102 ## $aPT 105 ## $aa m 000yy 106 ## $ar 200 1# $aSearch for new biomarkers of resistance to perkinsus olsenii parasite in ruditapes
decussatus clams$fJoão Luís Estêvão$gorient. Sergio Fernández-Boo, Paulino Martínez Portela, Benjamín Costas Refojos 210 #9 $aPorto$c[s.n.],$d2025 215 ## $a260 p.$cil.$d30 cm 328 #1 $aTese dout. Ciência Animal (Genética e Melhoramento Animal), Instituto de Ciências
Biomédicas de Abel Salazar, Universidade do Porto, 2025 700 #1 $aEstêvão,$bJoão Luís Correia$31995737 702 #1 $aFernández Boo,$bSergio$4727$31726084 702 #1 $aMartínez Portela,$bPaulino$4727$31995738 702 #1 $aCostas Refojos,$bBenjamín,$f1979-$4727$31299435 801 #0 $aPT$bBN$gRPC 966 ## $lBN$mFGMON$x1 971 ## $corlando$d20260415
|
|
|